| 000 | 01213cam a22003617a 4500 | ||
|---|---|---|---|
| 003 | CHAP | ||
| 005 | 20220817042154.0 | ||
| 008 | 971013s1963 r 00010 d | ||
| 010 | _a36672 | ||
| 011 | _a37644 | ||
| 035 | _a41764 | ||
| 040 | _cCHAP | ||
| 090 | _aFolleto 2786 | ||
| 110 |
_aMéxico. Dirección General de Conservación del Suelo y Agua _976965 |
||
| 245 | 1 | 3 | _aEl Plan Tlaxcala para el combate de la erosión |
| 260 |
_aMéxico, D.F. : _bLa Dirección, _c1963 |
||
| 300 |
_a44 p. _b: ilus |
||
| 490 | 0 | _aBoletín de divulgación | |
| 590 |
_aBATCH-UPD _b10 _c20130110 _lUCH01 _h1353 |
||
| 590 |
_aBATCH-UPD _b10 _c20130410 _lUCH01 _h0848 |
||
| 590 |
_aBATCH-UPD _b10 _c20130914 _lUCH01 _h0652 |
||
| 590 |
_aCONVERSION _b10 _c20130109 _lUCH01 _h1321 |
||
| 650 | 1 | 4 |
_aErosión. _937335 |
| 650 | 1 | 4 |
_aPlan Tlaxcala. _988681 |
| 650 | 1 | 4 |
_aSuelos _xConservación _xTlaxcala. _9110317 |
| 650 | 1 | 4 |
_aSuelos _zTlaxcala. _9110529 |
| 830 | 0 | _aBoletín de divulgación | |
| 901 | _aBK | ||
| 942 | _cFOLL | ||
| 949 |
_aFolleto 2786 _bBC _cFOLL _d-96000 _eTS1 _i41764 _mD _si |
||
| 949 |
_aFolleto 2786 _bBC _cFOLL _d-96001 _eTS2 _fc.2 _i41764 _mD _si |
||
| 949 |
_aFolleto 2786 _bBC _cFOLL _d-96002 _eTS2 _fc.3 _i41764 _mD _si |
||
| 999 |
_c36672 _d36672 |
||